| 000 | 00549nam a2200145Ia 4500 | ||
|---|---|---|---|
| 008 | 170221s9999 xx 000 0 und d | ||
| 100 | _aMohd Reeza Yusof | ||
| 245 | _aIndustrialised Building System (IBS) Plan of Work | ||
| 245 | _cMohd Reeza Yusof, Muhamad Faiz Musa, Noor Sahidah Samsudin, Mohammad Fadhil Mohammad, Mohd Nurfaisal Baharuddin | ||
| 260 | _bInternational Review of Management and Marketing | ||
| 260 | _cJune 2014 | ||
| 300 | _a6:1 | ||
| 650 | _xMarketing. | ||
| 856 | _uhttp://www.econjournals.com/index.php/irmm/issue/view/92 | ||
| 999 |
_c310198 _d310198 |
||